00478cam a22001572 4500001001100000005001700011008004100028020002700069040001500096100003800111245004500149260003800194300001200232440004700244650002900291000000848020151217152034.0080415s xx 000 0 eng d a0851118956 :cKES 1450 aKABUcKABU1 aFerguson, Sinclair B.@000014880814aThe Holy spirit /cSinclair B. Ferguson. aDowners Grove, IL. :bIVP,c1996. a288 p. 0aContours of Christian theology@0000159082 0aHoly Spirit.@0000149390